000 00538nam a2200181Ia 4500
003 LK-CoDNM
008 010623t1982 xxu||||| |||| 00| 1 Pali d
040 _aLK-CoDNM
_dLK-CoDNM
_eLK-CoDNM
041 _aPali
_asin
080 _a891.3
_bHAT
100 _aDhammarathana, Utthuravala
_eed.
245 _aසන්න සහිත හත්ථවනගල්ල විහාර වංශය
246 _aSanna sahitha Hattavanagalla vihara vansaya
260 _bAuthor
_c1982
300 _b64, 22 cm
650 _aHistory
942 _cBK
999 _c112048
_d112048